| 000 | 00426nam a2200157Ia 4500 | ||
|---|---|---|---|
| 008 | 200103s9999||||xx |||||||||||||| ||und|| | ||
| 020 | _a034018468X | ||
| 040 | _aIMU-MPC | ||
| 082 | _aColumn-46 | ||
| 100 | _aHiggins, Raymond A. | ||
| 245 | 0 | _aEngineering Metallurgy Part 2- Metallurgical Process Technology | |
| 250 | _a2nd ed. | ||
| 260 |
_bEducational Low-Priced Books Scheme _c1991 |
||
| 300 | _axi, 480 | ||
| 942 | _cBK | ||
| 999 |
_c9360 _d9360 |
||